Incidenti /
Na minha lista:
| Autor principal: | |
|---|---|
| Outros Autores: | |
| Formato: | Livro |
| Idioma: | Língua italiana |
| Publicado em: |
Torino :
G. Einaudi,
©1990
|
| Colecção: | Saggi brevi ;
14 |
| Tags: |
Sem tags, seja o primeiro a adicionar uma tag!
|
MARC
| LEADER | 00000nam a22000007i 4500 | ||
|---|---|---|---|
| 001 | IT\ICCU\CFI\0186198 | ||
| 003 | ItRI | ||
| 005 | 20260115231852.0 | ||
| 008 | 920510s1990 it |||||| ||||| |||||c | ||
| 020 | |a 8806118579 | ||
| 040 | |b ita |c importazione bologna sebina | ||
| 041 | 7 | |a ita |2 ISO-639-2 | |
| 082 | |a 410.92 |9 LINGUISTICA. Persone |2 12 | ||
| 100 | 1 | |a Barthes, Roland |0 IT\ICCU\CFIV\016752 |4 aut | |
| 240 | 1 | 0 | |a Incidents. - |3 IT\ICCU\CFI\0186199 |9 Barthes, Roland |
| 245 | 1 | 0 | |a Incidenti / |c Roland Barthes ; traduzione di Carlo Cignetti. |
| 260 | |a Torino : |b G. Einaudi, |c ©1990 | ||
| 300 | |a 92 p. ; |c 18 cm. | ||
| 700 | 1 | |a Cignetti, Carlo |0 IT\ICCU\CFIV\103575 | |
| 830 | 0 | |a Saggi brevi ; |v 14 |0 IT\ICCU\CFI\0135929 | |
| 942 | |2 ddc |c BK |n 0 | ||
| 952 | |0 0 |1 0 |4 0 |6 DOC_843_914000000000000_BAR |7 0 |9 14759 |a BO |b BO |d 2026-01-15 |i 2694 |l 0 |o DOC 843.914 BAR |p BO2694 |r 2026-01-15 23:18:52 |w 2026-01-15 |x [Sebina 7] [1 v.] |y BK |z 1 v. | ||
| 999 | |c 12722 |d 12722 | ||